| 000 | 00495nam a22001817a 4500 | ||
|---|---|---|---|
| 003 | CEME | ||
| 005 | 20210628204154.0 | ||
| 008 | 210113b xxu||||| |||| 00| 0 eng d | ||
| 020 | _a9788120326385 | ||
| 040 | _cceme | ||
| 082 | _a621.3192 GHO | ||
| 100 |
_aGhosh, Smarajit _9732 |
||
| 245 | _aNetwork theory , analysis and synthesis | ||
| 260 |
_aNEW DELHI _bPHI LEARNING _c2011 |
||
| 300 | _aXVII, 729P | ||
| 650 |
_aNETWORK THEORY.NETWORK ANALYSIS AND SYNTHESIS _969093 |
||
| 942 |
_cBK _2ddc |
||
| 999 |
_c576500 _d576500 |
||